| 000 | 00942nam a22002171i 4500 | ||
|---|---|---|---|
| 001 | 179610 | ||
| 003 | ES-MaACL | ||
| 005 | 20250730024616.0 | ||
| 008 | 111226s1916 sp |||| | spa d | ||
| 100 | 1 |
_aAdsuar Moreno, José. _918491 |
|
| 245 | 1 | 3 |
_aEl niño en la industria : _bcondiciones en que trabaja, medidas de protección existentes en España y cuáles deberían adoptarse para que esta protección fuera más efectiva / _cpor José Adsuar Moreno. |
| 260 |
_aMadrid : _bSociedad Española de Higiene, _c1916. |
||
| 300 |
_a48 p. ; _c21 cm. |
||
| 490 | 1 |
_aLegado Roel: Colección de Memorias Premiadas ; _v19 |
|
| 500 | _aConcurso de 1915-1916. | ||
| 650 |
_aNiños- _xTrabajo- _zEspaña. _9148840 |
||
| 710 | 2 |
_aSociedad Española de Higiene. _96725 |
|
| 830 | 0 | 0 |
_aLegado Roel: Colección de memorias premiadas _v19 _9183286 |
| 852 |
_aES-MaACL _jC-8171(14) _zEncuadernado con otras obras |
||
| 999 |
_c179610 _d179610 |
||